01634 2200553 4500001002100000005001500021035002000036007000300056008004100059020002200100040002200122082001400144084001600158090001900174090001800193100003500211245014200246250001400388300005300402650002100455700004400476700004100520700002600561850001200587264003100599336002100630337003000651338002300681990001800704990001800722990001800740990002000758990002000778990001800798990001800816990001800834990002000852990002000872990001800892990001800910990001800928990002000946990002000966990001800986990001801004990001801022990002001040990002001060INLIS00000000085374620191211040003 a0010-1219000432ta191211s2014 jtia g ind d a978-979-045-792-8 aYOPDYOGbinderda04223a745.5 a745.5 DEB c aPK 745.5 DEB c aK 745.5 DEB c0 aDebby Lukito Goeyardiepenulis10aCraftpreneur junior /cpenulis, Debby Lukito Goeyardi, Patricia Cornelia Fei Goeyardi, Vanessa Monica Fei Goeyardi; editor, Yenni Saputri aCetakan I a104 halaman :bilustrasi, foto berwarna ;c27 cm 4aKerajinan tangan0 aPatricia Cornelia Fei Goeyardiepenulis0 aVanessa Monica Fei Goeyardiepenulis0 aYenni Saputrieeditor aYOPDYOG31aSolo :bTiga Ananda,c2014 2rdacontentateks 2rdamediaatanpa perantara 2rdacarrieravolume a28089-PD/B.15 a28090-PD/B.15 a28091-PD/B.15 a63523-PD/A.2019 a63524-PD/A.2019 a28089-PD/B.15 a28090-PD/B.15 a28091-PD/B.15 a63523-PD/A.2019 a63524-PD/A.2019 a28090-PD/B.15 a28089-PD/B.15 a28091-PD/B.15 a63523-PD/A.2019 a63524-PD/A.2019 a28091-PD/B.15 a28089-PD/B.15 a28090-PD/B.15 a63523-PD/A.2019 a63524-PD/A.2019